| 000 | 01763nam a2200409 a 4500 | ||
|---|---|---|---|
| 001 | ebr10720732 | ||
| 003 | CaPaEBR | ||
| 006 | m o u | ||
| 007 | cr cn||||||||| | ||
| 008 | 090928s2009 dcuad sb 001 0 eng d | ||
| 010 | _z 2009040312 | ||
| 020 | _z0875904750 | ||
| 020 | _z9780875904757 | ||
| 020 | _z9781118672372 (e-book) | ||
| 040 |
_aCaPaEBR _cCaPaEBR |
||
| 035 | _a(OCoLC)798835808 | ||
| 043 | _ai------ | ||
| 050 | 1 | 4 |
_aGC721 _b.I493 2009eb |
| 082 | 0 | 4 |
_a551.46/615 _222 |
| 245 | 0 | 0 |
_aIndian ocean biogeochemical processes and ecological variability _h[electronic resource] / _cJerry D. Wiggert ... [et al.], editors. |
| 260 |
_aWashington, D.C. : _bAmerican Geophysical Union, _cc2009. |
||
| 300 |
_avii, 429 p. : _bill. (some col.). |
||
| 490 | 1 |
_aGeophysical monograph series, _x0065-8448 ; _v185 |
|
| 500 | _a"The chapters in this volume are derived from an international conference that was convened in Goa, India, 3-6 October 2006"--P. vii. | ||
| 504 | _aIncludes bibliographical references and index. | ||
| 533 |
_aElectronic reproduction. _bPalo Alto, Calif. : _cebrary, _d2013. _nAvailable via World Wide Web. _nAccess may be limited to ebrary affiliated libraries. |
||
| 650 | 0 |
_aChemical oceanography _zIndian Ocean. |
|
| 650 | 0 |
_aMarine chemical ecology _zIndian Ocean. |
|
| 650 | 0 |
_aCarbon cycle (Biogeochemistry) _zIndian Ocean. |
|
| 650 | 0 |
_aMonsoons _zIndian Ocean. |
|
| 651 | 0 |
_aIndian Ocean _xEnvironmental conditions. |
|
| 655 | 7 |
_aElectronic books. _2local |
|
| 700 | 1 |
_aWiggert, Jerry D., _d1963- |
|
| 710 | 2 | _aebrary, Inc. | |
| 830 | 0 |
_aGeophysical monograph ; _v185. |
|
| 856 | 4 | 0 |
_uhttp://site.ebrary.com/lib/rucke/Doc?id=10720732 _zAn electronic book accessible through the World Wide Web; click to view |
| 999 |
_c38823 _d38823 |
||